| 000 | 01196nam0a22002651 4500 | ||
|---|---|---|---|
| 001 | rc\559866 | ||
| 005 | 20250621132100.0 | ||
| 035 | _a(NLR Aleph) 005795001 | ||
| 090 |
_a5236631 _c5236631 |
||
| 100 | _a20030616d1987 |||y0rusy50 ca | ||
| 101 | 0 | _arus | |
| 102 | _aRU | ||
| 105 | _aa ||||||||| | ||
| 200 | 1 |
_aКлиматический мониторинг глобального стратосферного аэорзольного слоя _f[С.С. Хмелевцов, Ю.Г. Кауфман] |
|
| 210 |
_aМ. _cВНИИГМИ-МЦД _d1987 |
||
| 215 |
_a42 с. _cил. _d20 |
||
| 225 | 1 |
_aГидрометеорология _hСерия 37.21 _iМетеорология _eОбзор. информ. _fВНИИ гидрометеорол. информ. - Мировой Центр данных _vВып. 2 |
|
| 300 | _aВ надзаг. также: Гос. ком. СССР по гидрометеорологии и контролю природ. среды | ||
| 320 | _aБиблиогр.: с. 30-36 | ||
| 701 | 1 |
_aХмелевцов _bС.С. _gСергей Стефанович |
|
| 801 | 0 |
_aRU _bNLR _gpsbo |
|
| 801 | 1 |
_aRU _bELAR _2rusmarc |
|
| 852 |
_aNLR _jП7/1934 |
||
| 942 | _cBOOK | ||
| 980 | _aNB | ||